Statistiken für Tabellenletzte der Bundesliga seit 1963/64

Klicken Sie hier um das Quiz zu spielen!

Allgemein

  • Dieses Quiz wurde 84 mal gespielt
    (5 seit der letzten Aktualisierung)
  • Das Durchschnittsergebnis liegt bei 47 aus 61

Antwortstatistiken

JahrLetzter% Korrekt
20121.FC Kaiserslautern
100%
20041.FC Köln
100%
20181.FC Köln
100%
1999Borussia Mönchengladbach
100%
2007Borussia Mönchengladbach
100%
1965FC Schalke 04
100%
2021FC Schalke 04
100%
1988FC Schalke 04
100%
2002FC St. Pauli
100%
1997FC St. Pauli
100%
2011FC St. Pauli
100%
1978FC St. Pauli
100%
1983Hertha BSC
100%
1991Hertha BSC
100%
2010Hertha BSC
100%
2023Hertha BSC
100%
2005SC Freiburg
100%
1979SV Darmstadt 98
100%
2017SV Darmstadt 98
100%
2024SV Darmstadt 98
100%
2001VFL Bochum
100%
20191.FC Nürnberg
67%
19841.FC Nürnberg
67%
19931.FC Saarbrücken
67%
19641.FC Saarbrücken
67%
1970Alemannia Aachen
67%
1998Arminia Bielefeld
67%
1972Arminia Bielefeld
67%
2009Arminia Bielefeld
67%
1996Bayer 05 Uerdingen
67%
1981Bayer 05 Uerdingen
67%
1976Bayer 05 Uerdingen
67%
1995Dynamo Dresden
67%
1985Eintracht Braunschweig
67%
2014Eintracht Braunschweig
67%
1980Eintracht Braunschweig
67%
2003Energie Cottbus
67%
1990FC Homburg
67%
1992Fortuna Düsseldorf
67%
1989Hannover 96
67%
2016Hannover 96
67%
1974Hannover 96
67%
1986Hannover 96
67%
1968Karlsruher SC
67%
1969Kickers Offenbach
67%
2006MSV Duisburg
67%
2008MSV Duisburg
67%
2000MSV Duisburg
67%
1982MSV Duisburg
67%
1977RW Essen
67%
1971RW Essen
67%
1967RW Essen
67%
1973RW Oberhausen
67%
2020SC Paderborn 07
67%
2015SC Paderborn 07
67%
2013SpVgg Greuther Fürth
67%
2022SpVgg Greuther Fürth
67%
1966Tasmania Berlin
67%
1975Wuppertaler SV
67%
1987BW 90 Berlin
33%
1994VFB Leipzig
33%

Verteilung der Resultate

Perzentil nach korrekt beantworteten Fragen

Anzahl Personen mit jedem Resultat

Ihre Resultats-Entwicklung

Sie haben dieses Quiz seit der letzten Aktualisierung nicht gespielt